| 000 | 01078nam a22002175i 4500 | ||
|---|---|---|---|
| 001 | 165479 | ||
| 003 | ES-MaACL | ||
| 005 | 20250902100244.0 | ||
| 008 | 981127s1868 sp |||| | spa d | ||
| 080 | _a061.235(460.27 M.).055.5 | ||
| 110 | 2 |
_aReal Sociedad Económica Matritense de Amigos del País. _96389 |
|
| 245 | 1 | 0 |
_aResumen de sus actas y de sus tareas en el año 1867, leído en la sesión de 18 de enero de 1868 / _cpor el secretario general D. Juan de Tro y Ortolano. |
| 260 |
_aMadrid : _b[s.n.], _c1868 ( _fImp. de Sordo-Mudos y de Ciegos) |
||
| 300 |
_a106, 62 p. ; _c22 cm. |
||
| 505 | 8 | _aContiene: Lista alfabética de los individuos . Lista del personal oficial . Lista de las obras adquiridas para su biblioteca en 1867 | |
| 610 | 2 | 7 |
_aReal Sociedad Económica Matritense de Amigos del País- _vMemorias _2 _9145026 |
| 700 | 1 |
_aTro y Ortolano, Juan de. _9133384 |
|
| 852 | 4 |
_aES-MaACL _jT-94-F-8 _z- Enc. hol. _z- Enc. en un vol. facticio |
|
| 852 | 4 |
_aES-MaACL _jT-660-F-1 _z- Enc. hol. _z- Enc. en un vol. facticio |
|
| 999 |
_c165479 _d165479 |
||